书目信息 |
| 题名: |
分子遗传学
|
|
| 作者: | 李振刚 编著 | |
| 分册: | ||
| 出版信息: | 北京 科学出版社 2004.09 |
|
| 页数: | 523页 | |
| 开本: | 24cm | |
| 丛书名: | 21世纪高等院校教材 | |
| 单 册: | ||
| 中图分类: | Q75 | |
| 科图分类: | ||
| 主题词: | 分子遗传学--高等学校--教材 | |
| 电子资源: | ||
| ISBN: | 7-03-013431-1 | |
| 000 | 01076nam 2200277 450 | |
| 001 | 0139565394 | |
| 005 | 20050505190646.34 | |
| 010 | @a7-03-013431-1@d42.00CNY | |
| 100 | @a20050313d2004 km y0chiy0120 ea | |
| 101 | 0 | @achi |
| 102 | @aCN@b110000 | |
| 105 | @aa ac 000yy | |
| 200 | 1 | @a分子遗传学@Afen zi yi chuan xue@f李振刚编著@Fli zhen gang bian zhu |
| 205 | @a第2版 | |
| 210 | @a北京@c科学出版社@d2004.09 | |
| 215 | @a523页@c图@d24cm | |
| 225 | 2 | @a21世纪高等院校教材@i生物科学系列 |
| 320 | @a有书目和索引。 | |
| 330 | @a本书以基因、染色质的结构与功能为基础,以真核细胞的基因调控为重点,并从分子水平阐述了发育、癌变与衰老等重大生物学问题,论述了植物的发育以及分子生物学的基石-中心法则,并结合近代分子遗传学的发展进行了讨论。全书立论严谨,叙述流畅,观点明确,提出了许多不少新的见解与论点,跟踪了分子遗传学的发展动向。 | |
| 410 | 0 | @12001 @a生物科学系列 |
| 410 | 0 | @12001 @a21世纪高等院校教材 |
| 606 | 0 | @a分子遗传学@x高等学校@x教材 |
| 690 | @aQ75@v4 | |
| 701 | 0 | @a李振刚@Ali zhen gang@4编著 |
| 801 | 0 | @aCN@bQSSK@c20050505 |
| 905 | @a10447@dQ75@eL331 | |
| 分子遗传学/李振刚编著.-第2版.-北京:科学出版社,2004.09 |
| 523页:图;24cm.-(21世纪高等院校教材.生物科学系列) |
| ISBN 7-03-013431-1:42.00CNY |
| 本书以基因、染色质的结构与功能为基础,以真核细胞的基因调控为重点,并从分子水平阐述了发育、癌变与衰老等重大生物学问题,论述了植物的发育以及分子生物学的基石-中心法则,并结合近代分子遗传学的发展进行了讨论。全书立论严谨,叙述流畅,观点明确,提出了许多不少新的见解与论点,跟踪了分子遗传学的发展动向。 |
| ● |
| 相关链接 |
|
|
|
正题名:分子遗传学
索取号:Q75/L331
 
预约/预借
| 序号 | 登录号 | 条形码 | 馆藏地/架位号 | 状态 | 备注 |
| 1 | 499716 | 204997165 | 自科库401/401自科库 31排1列5层/ [索取号:Q75/L331] | 在馆 | |
| 2 | 499717 | 204997174 | 自科库401/401自科库 31排1列5层/ [索取号:Q75/L331] | 在馆 | |
| 3 | 499718 | 204997183 | 自科库401/401自科库 31排1列5层/ [索取号:Q75/L331] | 在馆 | |
| 4 | 545356 | 205453560 | 自科库401/401自科库 31排2列1层/ [索取号:Q75/L331] | 在馆 | |
| 5 | 545357 | 205453579 | 自科库401/401自科库 31排2列1层/ [索取号:Q75/L331] | 在馆 | |
| 6 | 545358 | 205453588 | 自科库401/401自科库 31排2列1层/ [索取号:Q75/L331] | 在馆 |